Rooster gets a fight

Bibliographic Details
Format: Book

MARC

LEADER 00000cam a2200000 7i4500
001 0000008705
002 000009485
005 20000330.0
020 |a 9813020067 
090 0 0 |a JF   |b SRJ 
245 1 0 |a Rooster gets a fight 
999 |a 048401   |b BUKU   |c PINJAMAN   |e PERPUSTAKAAN KOMUNITI PETALING JAYA